000 00345nam a2200145Ia 4500
008 230718s9999 xx 000 0 und d
041 _aEng.
082 _a300
_bAFG-T
100 _aAfghani , Masud
245 4 _aThe Oxfor Dictionery
260 _aPakistan
_bOxford University publisher
_c2004
300 _a1538
650 _aLaw
999 _c29596
_d29596